Les featurings de Jul - Mort subite - Statistiques

Statistiques générales
  • Ce quiz a été pris 1 729 fois
  • Le résultat moyen est 9 sur 13
Answers on the Grid
Answers color-coded by a green-red scale on the quiz's grid according to % correct below.
SCH
Naps
Alonzo
Ninho
PLK
Maes
Soso Maness
Soprano
Morad
SDM
Wejdene
Gazo
Shay
Orelsan
Damso
Laylow
Alpha Wann
Luv Resval
Kaaris
Booba
Werenoi
IAM
 
Statistiques - réponses
Réponse % Correct
Naps
77%
SCH
77%
Alonzo
74%
Soso Maness
74%
Ninho
72%
PLK
71%
Morad
67%
Soprano
65%
SDM
60%
Maes
59%
Wejdene
56%
Gazo
50%
Shay
50%
Aucun quiz correspondant
Distribution des résultats
% des personnes avec chaque résultat
Percentile par nombre de réponses
Votre historique - résultats
Vous n’avez pas pris ce quiz